| 000 | 00574nam a2200193Ia 4500 | ||
|---|---|---|---|
| 005 | 20250508153442.0 | ||
| 008 | 008 250505s9999 xx 000 0 eng d | ||
| 037 | _aBooks to be hide in OPAC | ||
| 040 |
_aFEDL _beng _cFEDL |
||
| 041 |
_aeng _2eng |
||
| 084 |
_a371.76, UNI/O _qFEDL |
||
| 100 | _aSchneider Elsa | ||
| 245 | 0 | _aTeachers contribute to child health | |
| 260 |
_aWashington, USA _bU.S. Government Printing Office _c1962 |
||
| 300 | _a44p. | ||
| 700 |
_a McNeely Simon A _9764054 |
||
| 942 |
_cHB _h371.76, UNI/O |
||
| 999 |
_c1342985 _d1342985 |
||